| 000 | 00502nam a22001697a 4500 | ||
|---|---|---|---|
| 005 | 20251108172257.0 | ||
| 008 | 250721s1991 xx 000 0 ara d | ||
| 082 | 1 | 4 | _a216,9/محا |
| 100 | 1 | _aمحاسنة، محمد حسين | |
| 245 | 1 | 0 | _aالنظم الإسلامية / |
| 264 | 1 |
_aاربد : _bمكتبة الكتاني، _c1991. |
|
| 300 | _a171ص | ||
| 650 | 1 | 7 | _aالأحكام السلطانية |
| 650 | 1 | 7 | _aنظام الحكم في الإسلام |
| 942 |
_2ddc _cBK |
||
| 999 |
_c74925 _d74925 |
||